00386nam a2200157Ia 4500003000500000008004100005020001800046040001900064082000700083100002200090245004900112250000600161260004100167365000800208546001200216STCL221019s9999 xx 000 0 und d a9789385965579 aSTCLcSTCLbEN 222 aChandra, Prasanna 0aInvestment analysis and portfolio management a5 bMcGraw Hill EducationaChennaic2017 b725 aEnglish